| 000 | 00372nam a22001457a 4500 | ||
|---|---|---|---|
| 020 | _a9789350141175 | ||
| 082 | _a621.382 SHA | ||
| 100 | _aSharma Sanjay | ||
| 245 | _aElements of analog communication | ||
| 260 |
_aNew Delhi India _bS.K.Kataria & Sons _c2002 |
||
| 300 |
_a522 _bP.B |
||
| 650 | _aAnalog Communication | ||
| 700 | _aDr Sanjay Sharma | ||
| 942 | _cBK | ||
| 999 |
_c490575 _d490575 |
||